| 000 | 00609pam a22001934a 4500 | ||
|---|---|---|---|
| 020 | _a158948021X (pbk. : alk. paper) | ||
| 040 | _cDLC | ||
| 082 | _a910 ESR 2004 A100 Or. | ||
| 100 | 1 | _aArctur, David, | |
| 245 | 1 | 0 |
_aDesigning geodatabases : _bcase studies in GIS data modeling / |
| 260 |
_aRedlands, Calif. : _bESRI Press, _cc2004 |
||
| 300 |
_axiii, 393 p. : _bcol. ill., col. map ; _c23 cm |
||
| 650 | 0 | _aGeographic information systems | |
| 650 | 0 | _aInformation storage and retrieval systems | |
| 650 | 0 | _aDatabase design | |
| 650 | 0 | _aDatabase management | |
| 700 | 1 | _aZeiler, Michael | |
| 942 | _cEK | ||
| 999 |
_c12503 _d12503 |
||